000 00358nam a2200157 4500
005 20250709120407.0
008 cu123
020 _a9780074517703
050 _aHD 6960.5MON
_b1
100 _aMONAPPA, Arum
245 _aIndustrial relations
260 _aNew Delhi
_bTata- McGraw-Hill
_c1985
300 _axii,388p
500 _aBib,index
942 _2lcc
_cBK
_n0
999 _c6876
_d6876